| 000 | 00652nam a22002057a 4500 | ||
|---|---|---|---|
| 003 | BD-DhSAU | ||
| 005 | 20230917102155.0 | ||
| 008 | 230621b2014 ii a|||| |||| 001 0 eng d | ||
| 020 | _a9789351242802 | ||
| 040 | _aBD-DhSAU | ||
| 082 |
_222 _a631.0421 Sh231 |
||
| 100 | _aSharangi, A. B. | ||
| 245 |
_aSeed production of selected horticultural crops: _bvegetables, spices plantation crops flowers and ornamentals/ _c A. B. Sharangi |
||
| 260 |
_aNew delhi: _bRegency Publications, _c2014 |
||
| 300 |
_axi, 187p. : _bills. ; _c22 cm. |
||
| 500 | _aIncludes index. | ||
| 650 | _aSeed production | ||
| 650 | _aHorticultural Crops | ||
| 942 |
_2ddc _cBOOK |
||
| 999 |
_c17020 _d17019 |
||